[Event "Kharkov Caissa op"]
[Site "Kharkov"]
[Date "2003.01.23"]
[Round "3"]
[White "Onoprienko, Vladimir"]
[Black "Vinogradov, Pavel"]
[Result "1/2-1/2"]
[WhiteElo "2418"]
[BlackElo "2348"]
[PlyCount "78"]
[EventDate "2003.01.21"]
[EventType "swiss"]
[EventRounds "9"]
[EventCountry "UKR"]
[SourceTitle "CBM 092 Extra"]
[Source "ChessBase"]
[SourceDate "2003.03.07"]
[SourceVersion "1"]
[SourceVersionDate "2003.03.07"]
[SourceQuality "1"]

1. e4 c5 2. Nf3 e6 3. Nc3 Nc6 4. d4 cxd4 5. Nxd4 Qc7 6. Be2 a6 7. 0-0 Nf6 8. Be3 d6 9. a4 Be7 10. Kh1 0-0 11. f4 Nxd4 12. Qxd4 e5 13. Qd3 b6 14. f5 Bb7 15. g4 Nxe4 16. Nxe4 d5 17. Qb3 dxe4 18. Qxb6 Qc8 19. c3 Rb8 20. Qa5 Rd8 21. Qxe5 Bd6 22. Qa5 Bc7 23. Qc5 Rd5 24. Qe7 Bd6 25. Qh4 Bc5 26. Bxc5 Qxc5 27. Qg3 Rbd8 28. b4 Qc6 29. b5 axb5 30. axb5 Qc5 31. h3 Rd2 32. Rae1 e3+ 33. Kg1 Qxc3 34. f6 gxf6 35. Qf4 R8d6 36. g5 R2d4 37. Qg3 f5 38. Rxf5 Be4 39. Re5 Rd8 1/2-1/2

[Event "UKR tt"]
[Site "Alushta"]
[Date "2003.??.??"]
[Round "4"]
[White "Vinogradov, Pavel"]
[Black "Kuzmin, Gennadi P"]
[Result "1/2-1/2"]
[WhiteElo "2348"]
[BlackElo "2495"]
[PlyCount "76"]
[EventDate "2003.??.??"]
[EventType "team"]
[EventRounds "7"]
[EventCountry "UKR"]
[SourceTitle "EXT 2005"]
[Source "ChessBase"]
[SourceDate "2004.11.15"]
[SourceVersion "1"]
[SourceVersionDate "2004.11.15"]
[SourceQuality "1"]

1. e4 c5 2. Nf3 e6 3. d4 cxd4 4. Nxd4 Nf6 5. Nc3 Nc6 6. Be3 Bb4 7. Bd3 d5 8. Nxc6 bxc6 9. e5 Nd7 10. Qg4 Bf8 11. f4 f5 12. exf6 Nxf6 13. Qg3 Qc7 14. 0-0 Bd6 15. Kh1 0-0 16. Qh4 g6 17. Rae1 Nh5 18. Ne2 Be7 19. Qf2 e5 20. c4 d4 21. Bd2 c5 22. Qf3 Bb7 23. Be4 Rab8 24. h3 Bc8 25. Bd5+ Kg7 26. Qe4 Nf6 27. Qxe5 Bd6 28. Qg5 h6 29. Qh4 Nxd5 30. cxd5 Qd8 31. Qxd8 Rxd8 32. Ng3 Bb7 33. Ne4 Bxd5 34. Nxd6 Rxd6 35. Re7+ Kf6 36. Rfe1 Re6 37. R7xe6+ Bxe6 38. Ba5 Rc8 1/2-1/2

[Event "Kharkov Caissa op"]
[Site "Kharkov"]
[Date "2002.01.26"]
[Round "5"]
[White "Vinogradov, Pavel"]
[Black "Solodovnichenko, Yuri"]
[Result "0-1"]
[WhiteElo "2305"]
[BlackElo "2446"]
[PlyCount "99"]
[EventDate "2002.01.22"]
[EventType "swiss"]
[EventRounds "9"]
[EventCountry "UKR"]
[SourceTitle "CBM 086 Extra"]
[Source "ChessBase"]
[SourceDate "2002.03.14"]
[SourceVersion "1"]
[SourceVersionDate "2002.03.14"]
[SourceQuality "1"]

1. e4 c5 2. Nf3 Nc6 3. d4 cxd4 4. Nxd4 e5 5. Nb5 d6 6. N1c3 a6 7. Na3 b5 8. Nd5 Nf6 9. Bg5 Be7 10. Bxf6 Bxf6 11. Bd3 Bg5 12. c3 Ne7 13. Nxe7 Qxe7 14. Nc2 Bb7 15. 0-0 0-0 16. a4 bxa4 17. Rxa4 a5 18. Qa1 Qc7 19. Na3 Bc6 20. Nb5 Qb6 21. c4 Bd2 22. Qd1 Bb4 23. Kh1 Qb7 24. f3 g6 25. Ra1 Kh8 26. Qc1 Kg7 27. Qg5 h6 28. Qh4 Rfe8 29. Rad1 Re6 30. Qg4 Rf6 31. Be2 Rh8 32. Qg3 h5 33. h3 h4 34. Qh2 g5 35. Ra1 Qb6 36. Rfd1 Bc5 37. b3 Rc8 38. Ra2 Re6 39. Rad2 Rd8 40. Ra2 f6 41. Rda1 Ra8 42. Bf1 Kf8 43. g4 hxg3 44. Qxg3 Re7 45. Rd1 Rd8 46. Rad2 Rh7 47. Nxd6 Rxd6 48. Qg4 Bd7 49. Rxd6 Bxd6 50. Rxd6 0-1

[Event "Kharkov Caissa op"]
[Site "Kharkov"]
[Date "2002.01.25"]
[Round "4"]
[White "Andreev, Eduard"]
[Black "Vinogradov, Pavel"]
[Result "1/2-1/2"]
[WhiteElo "2441"]
[BlackElo "2305"]
[PlyCount "80"]
[EventDate "2002.01.22"]
[EventType "swiss"]
[EventRounds "9"]
[EventCountry "UKR"]
[SourceTitle "CBM 086 Extra"]
[Source "ChessBase"]
[SourceDate "2002.03.14"]
[SourceVersion "1"]
[SourceVersionDate "2002.03.14"]
[SourceQuality "1"]

1. e4 c5 2. Nf3 e6 3. d4 cxd4 4. Nxd4 Nc6 5. Nc3 Qc7 6. Be3 a6 7. Bd3 Nf6 8. 0-0 b5 9. Qe2 Bb7 10. Kh1 Be7 11. f4 d6 12. a4 b4 13. Na2 d5 14. e5 Nxd4 15. Bxd4 Ne4 16. c3 bxc3 17. Nxc3 Nxc3 18. bxc3 g6 19. Rf3 Bc5 20. g4 h5 21. Rh3 Bxd4 22. cxd4 Ke7 23. Qb2 hxg4 24. Rc1 Bc6 25. Qb4+ Kd7 26. Rxh8 Rxh8 27. Bb5 axb5 28. axb5 Rb8 29. Rxc6 Qa7 30. Qd6+ Ke8 31. Rc1 Rd8 32. b6 Qa2 33. Qc6+ Kf8 34. Qc2 Qa6 35. Qc7 Re8 36. b7 Qe2 37. Qc3 Kg7 38. Re1 Qb5 39. Qc8 Qb4 40. Rc1 Qxd4 1/2-1/2

[Event "SVK-ch op"]
[Site "Zvolen"]
[Date "2000.08.29"]
[Round "4"]
[White "Vinogradov, Pavel"]
[Black "Lipka, Juraj"]
[Result "1-0"]
[WhiteElo "2242"]
[BlackElo "2376"]
[PlyCount "117"]
[EventDate "2000.08.27"]
[EventType "swiss"]
[EventRounds "9"]
[EventCountry "SVK"]
[SourceTitle "EXT 2001"]
[Source "ChessBase"]
[SourceDate "2000.11.22"]
[SourceVersion "1"]
[SourceVersionDate "2000.11.22"]
[SourceQuality "1"]

1. e4 e6 2. d4 d5 3. Nd2 Nf6 4. e5 Nfd7 5. f4 c5 6. c3 Nc6 7. Ndf3 cxd4 8. Nxd4 Nc5 9. Ngf3 Qb6 10. Be2 Ne4 11. 0-0 Bc5 12. Kh1 Bd7 13. Bd3 Bxd4 14. Bxe4 dxe4 15. Nxd4 Nxd4 16. Be3 Qxb2 17. Qxd4 Qb6 18. Qxe4 Bc6 19. Bxb6 Bxe4 20. Bd4 0-0 21. Kg1 Rfc8 22. Kf2 Rc4 23. g4 Ra4 24. Ke3 Bd5 25. a3 Rc8 26. Rfb1 Rac4 27. h4 h5 28. gxh5 Rxc3+ 29. Bxc3 Rxc3+ 30. Kd2 Rh3 31. Rc1 Rxh4 32. Rc8+ Kh7 33. Rf1 Rxh5 34. Rc7 Rh2+ 35. Ke1 Kg6 36. Rg1+ Rg2 37. Rxg2+ Bxg2 38. Kf2 Bc6 39. Ke3 a6 40. Re7 Bd5 41. Kd4 Bc6 42. Ke3 Bd5 43. Kd4 Bc6 44. Kc5 Be4 45. a4 Bc6 46. a5 Bd5 47. Kd6 Bf3 48. Rc7 Bd5 49. f5+ Kxf5 50. Rxf7+ Kg6 51. Re7 Kh7 52. Rxe6 Bxe6 53. Kxe6 g5 54. Kf7 g4 55. e6 g3 56. e7 g2 57. e8Q g1Q 58. Qe4+ Kh6 59. Qh4# 1-0

[Event "SVK-ch op"]
[Site "Zvolen"]
[Date "2000.08.28"]
[Round "2"]
[White "Vinogradov, Pavel"]
[Black "Kantorik, Marian"]
[Result "1-0"]
[WhiteElo "2242"]
[BlackElo "2289"]
[PlyCount "90"]
[EventDate "2000.08.27"]
[EventType "swiss"]
[EventRounds "9"]
[EventCountry "SVK"]
[SourceTitle "EXT 2001"]
[Source "ChessBase"]
[SourceDate "2000.11.22"]
[SourceVersion "1"]
[SourceVersionDate "2000.11.22"]
[SourceQuality "1"]

1. e4 Nf6 2. e5 Nd5 3. Nc3 Nxc3 4. dxc3 d5 5. exd6 exd6 6. Be3 Be7 7. Qd2 Be6 8. Nf3 c5 9. Ng5 Nc6 10. Nxe6 fxe6 11. 0-0-0 0-0 12. g3 d5 13. Bh3 Qd6 14. f4 Rad8 15. Rhe1 Bf6 16. Bg1 Rfe8 17. Kb1 e5 18. fxe5 Bxe5 19. Bg2 d4 20. cxd4 cxd4 21. Qd3 Qb4 22. a3 Qa4 23. Be4 h6 24. Qf3 Ne7 25. Bh7+ Kxh7 26. Rxe5 Kh8 27. Qe4 Ng8 28. Rxe8 Rxe8 29. Qxd4 Qc6 30. Qd2 a6 31. Bd4 Ne7 32. Rf1 Qg6 33. Bc3 Nc6 34. Qd5 Nd8 35. Qd7 Rg8 36. Re1 Kh7 37. Re7 Nc6 38. Rf7 Nd8 39. Rf6 Qg5 40. Qd3+ Kh8 41. Rg6 Qh5 42. g4 Qxh2 43. Qd7 Qg1+ 44. Ka2 Qe3 45. Bxg7+ Kh7 1-0

[Event "UKR-chT 8th"]
[Site "Alushta"]
[Date "2000.04.17"]
[Round "8"]
[White "Vinogradov, Pavel"]
[Black "Kotsuba, Aleksander"]
[Result "1-0"]
[WhiteElo "2234"]
[BlackElo "2255"]
[PlyCount "75"]
[EventDate "2000.04.10"]
[EventType "team-swiss"]
[EventRounds "9"]
[EventCountry "UKR"]
[SourceTitle "EXT 2019"]
[Source "ChessBase"]
[SourceDate "2018.10.10"]
[SourceVersion "1"]
[SourceVersionDate "2018.10.10"]
[SourceQuality "1"]
[WhiteTeam "Kherson Chess For All"]
[BlackTeam "Sumy Khimik-Lokomotiv"]
[WhiteTeamCountry "UKR"]
[BlackTeamCountry "UKR"]

1. e4 d5 2. exd5 c6 3. dxc6 Nxc6 4. Nf3 e5 5. Bb5 e4 6. Qe2 Qe7 7. Nd4 Bd7 8. Nxc6 bxc6 9. Ba4 Nf6 10. 0-0 Qe5 11. d3 Bd6 12. g3 Qa5 13. Nc3 0-0 14. dxe4 Rfe8 15. Bb3 Bc5 16. Kg2 Bd4 17. Bd2 Qc7 18. f3 Rad8 19. Rad1 Qc8 20. Kh1 Bh3 21. Rfe1 Ng4 22. fxg4 Bxg4 23. Qf1 Bh5 24. Be3 Bxc3 25. Rxd8 Qxd8 26. bxc3 Rxe4 27. Bxa7 Bf3+ 28. Kg1 Qe7 29. Bf2 Be2 30. Qg2 c5 31. Bd5 Re5 32. Bc4 g5 33. Rxe2 Rxe2 34. Bxe2 Qxe2 35. Qd5 Qxc2 36. Qxg5+ Kh8 37. h3 Qc1+ 38. Qxc1 1-0

[Event "Bydgoszcz Bank Pocztowy op"]
[Site "Bydgoszcz"]
[Date "1999.07.18"]
[Round "7"]
[White "Sumets, Andrey"]
[Black "Vinogradov, Pavel"]
[Result "1-0"]
[WhiteElo "2455"]
[BlackElo "2288"]
[PlyCount "77"]
[EventDate "1999.07.12"]
[EventType "swiss"]
[EventRounds "10"]
[EventCountry "POL"]
[SourceTitle "EXT 2000"]
[Source "ChessBase"]
[SourceDate "1999.11.16"]
[SourceVersion "1"]
[SourceVersionDate "1999.11.16"]
[SourceQuality "1"]

1. d4 d5 2. c4 dxc4 3. Nf3 Nf6 4. Nc3 e6 5. e4 Be7 6. Bxc4 0-0 7. 0-0 c6 8. Bb3 Nbd7 9. Qe2 Qc7 10. e5 Nd5 11. Bg5 Nxc3 12. bxc3 Nb6 13. Qe4 Qd8 14. Bc2 g6 15. Qh4 f6 16. exf6 Bxf6 17. Bxf6 Qxf6 18. Ng5 Qg7 19. Rae1 Nd5 20. c4 Nc7 21. Re3 h6 22. Nf3 g5 23. Qg3 b6 24. h4 Ba6 25. Ne5 Rf4 26. Ng6 Rxd4 27. hxg5 h5 28. Ne5 Rf8 29. Rfe1 Bxc4 30. Re4 Rxe4 31. Rxe4 Bd5 32. Rh4 Rf5 33. Bxf5 exf5 34. Rxh5 Ne6 35. f4 Nd4 36. Qf2 c5 37. Rh6 Bf7 38. Qh4 c4 39. g6 1-0

[Event "UKR ol"]
[Site "Alushta"]
[Date "1999.??.??"]
[Round "?"]
[White "Fedorchuk, Sergey A"]
[Black "Vinogradov, Pavel"]
[Result "1-0"]
[WhiteElo "2457"]
[BlackElo "2199"]
[PlyCount "60"]
[EventDate "1999.05.12"]
[EventType "team"]
[EventRounds "11"]
[EventCountry "UKR"]
[SourceTitle "EXT 2001"]
[Source "ChessBase"]
[SourceDate "2000.11.22"]
[SourceVersion "1"]
[SourceVersionDate "2000.11.22"]
[SourceQuality "1"]

1. e4 c5 2. Nf3 a6 3. c3 d6 4. d4 Nd7 5. Bc4 e6 6. 0-0 b5 7. Bb3 Bb7 8. Re1 Qc7 9. Bf4 Ngf6 10. Nbd2 e5 11. Bg3 c4 12. Bc2 g6 13. b3 Nh5 14. bxc4 Nxg3 15. hxg3 bxc4 16. Ba4 0-0-0 17. Rb1 exd4 18. Nxd4 Bg7 19. Rb4 d5 20. exd5 Bxd5 21. Qg4 h5 22. Qg5 Nb6 23. Re7 Qd6 24. Nc6 Bf6 25. Rxb6 Bxc6 26. Qa5 Qxe7 27. Rxc6+ Kb8 28. Rb6+ Kc7 29. Rxf6+ Kc8 30. Rc6+ Kb8 1-0

[Event "UKR ol"]
[Site "Alushta"]
[Date "1999.??.??"]
[Round "?"]
[White "Vinogradov, Pavel"]
[Black "Boroday, Sergey"]
[Result "0-1"]
[WhiteElo "2199"]
[BlackElo "2360"]
[PlyCount "144"]
[EventDate "1999.05.12"]
[EventType "team"]
[EventRounds "11"]
[EventCountry "UKR"]
[SourceTitle "EXT 2001"]
[Source "ChessBase"]
[SourceDate "2000.11.22"]
[SourceVersion "1"]
[SourceVersionDate "2000.11.22"]
[SourceQuality "1"]

1. e4 g6 2. d4 Bg7 3. Nf3 d6 4. Bc4 c6 5. 0-0 Nf6 6. Qe2 0-0 7. c3 Nxe4 8. Qxe4 d5 9. Qe2 dxc4 10. Qxc4 Qd5 11. Qe2 Bg4 12. Nbd2 e5 13. c4 Qe6 14. dxe5 Nd7 15. h3 Bxf3 16. Nxf3 Nxe5 17. Nxe5 Bxe5 18. Qc2 Bd4 19. Bf4 Qf6 20. Bg3 Rfe8 21. c5 h5 22. Rae1 h4 23. Bd6 Re6 24. Rxe6 Qxe6 25. Qd2 Bf6 26. b3 Re8 27. Qa5 Bd4 28. Qb4 Qf6 29. Qd2 Re4 30. Kh1 b6 31. Qd3 Re6 32. Qc2 Qg5 33. b4 b5 34. a4 a6 35. axb5 axb5 36. Qa2 Re8 37. Qc2 Qf6 38. Qa2 Qf5 39. Qd2 Qe4 40. Kg1 Bf6 41. Bc7 Qd4 42. Qxd4 Bxd4 43. Rd1 Bc3 44. Ba5 Kg7 45. g3 hxg3 46. fxg3 Re1+ 47. Rxe1 Bxe1 48. g4 Kf6 49. Kf1 Bc3 50. Ke2 Ke5 51. Ke3 Be1 52. Ke2 Bh4 53. Bc7+ Ke4 54. Bh2 Bf6 55. Bd6 Bc3 56. h4 Bxb4 57. h5 gxh5 58. gxh5 Kf5 59. Bf8 Kg5 60. h6 Kg6 61. Kd3 Be1 62. Ke4 Bg3 63. Bd6 f5+ 64. Kf3 Bh4 65. Bf4 Be7 66. Bd6 Bg5 67. Be5 Bxh6 68. Bc3 Bg7 69. Bd2 Be5 70. Bb4 Kf6 71. Ke3 Ke6 72. Kd3 Kd5 0-1